Get the Picture: US National Parks Quiz Stats

 Plays Quiz Updated May 22, 2019

Score 0/14 Timer 04:00
1 Play Today
Question Answer Wrong Answers
Both alligators and crocodiles can be found in which park? Everglades
97.9%
Yellowstone
0.5%
Grand Canyon
0.1%
Death Valley
0.3%
Which park lies in South Florida? Everglades
97.4%
Yellowstone
0.7%
Grand Canyon
0.3%
Death Valley
0.4%
Which park contains over 100 named geysers? Yellowstone
97.1%
Everglades
0.5%
Grand Canyon
0.7%
Death Valley
0.3%
Which park contains mangroves, hammocks, sloughs, and swamps? Everglades
96.9%
Yellowstone
1.2%
Grand Canyon
0.2%
Death Valley
0.5%
A world record temperature of 134°F was set in which park in 1913? Death Valley
94.7%
Yellowstone
1.9%
Everglades
0.6%
Grand Canyon
1.5%
Which park has an average annual precipitation of less than 2.5 in.? Death Valley
94.6%
Yellowstone
0.9%
Everglades
1.3%
Grand Canyon
1.8%
The Colorado River runs through which of these parks? Grand Canyon
93%
Yellowstone
4.7%
Everglades
0.7%
Death Valley
0.6%
Which park lies over a supervolcano? Yellowstone
91.5%
Everglades
0.3%
Grand Canyon
2.9%
Death Valley
4.1%
Which park is home to a large bison herd? Yellowstone
89.8%
Everglades
1.4%
Grand Canyon
5.2%
Death Valley
2.3%
Which was established as the first National Park in 1872? Yellowstone
83.5%
Everglades
3%
Grand Canyon
11.4%
Death Valley
0.8%
Which contains Phantom Ranch, Bright Angel Trail and South Rim? Grand Canyon
82.9%
Yellowstone
6.1%
Everglades
1.8%
Death Valley
7.9%
Which park contains the lowest elevation in North America? Death Valley
78.3%
Yellowstone
1.4%
Everglades
12%
Grand Canyon
7.1%
Which of these parks receives the most annual visitors? Grand Canyon
64.2%
Yellowstone
32.2%
Everglades
2.3%
Death Valley
0.1%
Which park is the largest by area in the contiguous United States? Death Valley
19.3%
Yellowstone
37.6%
Everglades
14.5%
Grand Canyon
27.5%

Today's Daily Dose

You're not logged in!

Compare scores with friends on all Sporcle quizzes.
OR
Log In

Sporcle TV

Today on Sporcle TV


Watch our educational content, quiz creation guides, and fun videos on Sporcle TV.

Show Comments

Extras

Top Quizzes Today


Score Distribution

Your Account Isn't Verified!

In order to create a playlist on Sporcle, you need to verify the email address you used during registration. Go to your Sporcle Settings to finish the process.

Report this User

Report this user for behavior that violates our Community Guidelines.

Details: